000 01854nam1a2200325 i 4500
001 RU\NLR\BIBL_A\010027116
005 20260406112011.0
021 _aRU
_b2013-15973
_91139
035 _a(NLR Aleph) 010027116
090 _a9930046
_c9930046
100 _a20130322g20109999km y0rusy50 ca
101 0 _arus
102 _aRU
105 _ay||||||||||||
200 1 _aРазвитие методологии учета, анализа и контроля в условиях инновационной экономики
_eдекабрьские чтения им. С.Б. Барнгольц
_eсборник трудов международной научно-методической конференции, 14-15 декабря 2010 г.
_e[в 3 т.
_fотв. ред. д.э.н., проф. М.В. Мельник]
210 _aТольятти
_cТГУ
_d2010
215 _d21
300 _aВ надзаг.: М-во образования и науки Рос. Федерации, Фин. акад. при Правительстве РФ, Тольяттин. гос. ун-т
606 _aБухгалтерский учет
_jСъезды, совещания и т.п.
_91050112
_3RU\NLR\AUTH\6687700
606 _aАудит
_jСъезды, совещания и т.п.
_91050110
_3RU\NLR\AUTH\6687699
686 1 _aУ052.9(2)2я431
686 1 _aУ052.9(2)2-218я431
702 1 _4340
_8rus
_7ca
_aМельник
_bМ. В.
_cд-р экон. наук
_f1941-
_gМаргарита Викторовна
_3RU\NLR\auth\77125792
_9108716
702 1 _4570
_7ca
_8rus
_aБарнгольц
_bС. Б.
_cд-р экон. наук
_f1908-2002
_gСарра Бенционовна
_9175647
_3RU\NLR\AUTH\770175698
801 0 _aRU
_bNLR
_c20130322
_gRCR
801 1 _aRU
_bNLR
_c20130322
852 _aNLR
_j2013-3/8160
942 _cBOOK